Detalles MARC
| 000 -LÍDER |
| Campo fijo de descripción fija |
01904nam a2200325 i 4500 |
| 001 - NÚMERO DE CONTROL |
| Campo de control |
768714001 |
| 003 - IDENTIFICADOR DEL NÚMERO DE CONTROL |
| Campo de control |
CO-MdFUSB |
| 005 - FECHA Y HORA DE LA ULTIMA TRANSACCIÓN |
| control field |
20210520092713.0 |
| 007 - CAMPO FIJO DE DESCRIPCIÓN FIJA--INFORMACIÓN GENERAL |
| Campo fijo de descripción fija |
ta |
| 008 - ELEMENTOS DE LONGITUD FIJA -- INFORMACIÓN GENERAL |
| Campo fijo de descripción fija -- Información general |
200611t1993 sp a|||| |||| 00| 0 spa d |
| 020 ## - NÚMERO INTERNACIONAL NORMALIZADO PARA LIBROS |
| Número Internacional Normalizado del libro |
8427017928 |
| 040 ## - FUENTE DE CATALOGACIÓN |
| Agencia de catalogación original |
CO-MdFUSB |
| Idioma de catalogación |
spa |
| Agencia que realiza la transcripción |
CO-MdFUSB |
| Agencia que realiza la modificación |
CO-MdFUSBC |
| Convenciones de la descripción |
rda |
| 041 ## - CÓDIGO DE IDIOMA |
| Código de idioma para texto/pista de sonido o título separado |
spa |
| 082 ## - NÚMERO DE CLASIFICACIÓN DECIMAL DEWEY |
| Número de la edición del Dewey |
23 |
| Número de clasificación |
296.815 |
| Clave de autor-Numero de item |
V649 |
| 100 ## - ASIENTO PRINCIPAL--NOMBRE PERSONAL |
| Nombre personal |
Vidal Manzanares, César. |
| Término relacionador |
autor |
| 245 #4 - TÍTULO |
| Título del Material |
Los esenios y los rollos del mar Muerto |
| Mención de responsabilidad, etc. |
/ César Vidal Manzanares |
| 264 #1 - PRODUCCIÓN, PUBLICACIÓN, DISTRIBUCIÓN, MANUFACTURA, Y COPYRIGHT |
| Lugar de producción, publicación, distribución, manufactura |
Barcelona : |
| Nombre del productor, publicador, distribuidor |
Martínez Roca, |
| Fecha de producción, publicación, distribución, manufactura, o copyright |
[1993] |
| 264 #4 - PRODUCCIÓN, PUBLICACIÓN, DISTRIBUCIÓN, MANUFACTURA, Y COPYRIGHT |
| Fecha de producción, publicación, distribución, manufactura, o copyright |
©¨1993 |
| 300 ## - DESCRIPCIÓN FÍSICA |
| Extensión |
237 páginas |
| Otros detalles físicos |
ilustraciones |
| Dimensiones |
; 22 cm |
| 336 ## - TIPO DE CONTENIDO |
| Fuente |
rdacontent |
| Término de tipo de contenido |
texto |
| Código de tipo de contenido |
txt |
| 337 ## - TIPO DE MEDIO |
| Fuente |
rdamedia |
| Nombre del tipo de medio |
sin mediación |
| Código del tipo de medio |
n |
| 338 ## - TIPO DE SOPORTE |
| Fuente |
rdacarrier |
| Nombre del tipo de soporte |
volumen |
| Código Tipo de soporte |
nc |
| 490 ## - MENCIÓN DE SERIE |
| Mención de serie |
Colección Enigmas del cristianismo. |
| 504 ## - NOTA DE BIBLIOGRAFÍA, ETC. |
| Nota de bibliografía, etc |
Incluye bibliografía (páginas 229-234) |
| 505 ## - NOTA DE CONTENIDO |
| Nota de contenido con formato preestablecido |
Primera parte: Prehistoria esenia: El destierro. -- El regreso a la Tierra. -- Los hijos del macho cabrío. -- Las sectas judías y el grupo de Qumrán. -- Segunda parte: El maestro de Justicia y el nacimiento de la seta del mar muerto: El regreso a la tierra. -- La primera marcha al desierto. -- La figura del maestro de Justicia. -- Tercera parte: La estructura de los esenios del mar muerto: La entrada en los esenios del mar muerto. -- Los ritos y la organización de los esenios del mar muerto. -- Cuarta parte: Del abandono de Qumrán a las vísperas de la guerra contra Roma: De la profanación del templo al paréntesis herodiano. -- Judea bajo Roma. -- Quinta parte: Juan el bautista, Jesús y los esenios de Qumrán: Juan el Bautista y Qumrán. -- Jesús y los esencio de Qumrán. -- Sexta parte: El final de los esenios: El levantamiento contra Roma. -- Masada el último reducto (70-74 d.de C.) -- Los esenios después de Masada. |
| 563 ## - NOTA DE ENCUADERNACIÓN |
| Nota de encuadernación |
Rústico |
| 653 ## - TÉRMINO DE INDIZACIÓN - NO CONTROLADO |
| Término no controlado |
Manuscritos del Mar Muerto. |
| 942 ## - TIPO DE MATERIAL (KOHA) |
| Tipo de Item KOHA |
Libros General |
| 945 ## - INFORMACIÓN LOCAL DEL REGISTRO |
| Catalogador |
JTF-925 |